Zříceniny hradů, tvrzí a zámků : střední Čechy /

Hlavní autor: Durdík, Tomáš, 1951-2012
Další autoři: Sušický, Viktor
Jazyk: Čeština
Angličtina
Vydáno: Praha : Pankrác, 2000
Vydání: Vyd. 1.
Témata:
Fyzický popis: 204 s. : il. (některé barev.), pl. ; 31 cm
Knihy
Uloženo v:
LEADER 01463nam a2200433 a 4500
001 000542423
003 CZ BrMZK
005 20051213073524.0
007 ta
008 000115s2000 xr g e cze d
015 |a cnb000976514 
020 |a 80-902873-0-1 
035 |a (OCoLC)46964468 
040 |a BOA001  |b cze 
041 1 |a cze  |a eng 
043 |a e-xr---  |b e-xr-cc  |2 czenas 
072 7 |a 72  |x Architektura  |2 Konspekt  |9 21 
080 |a 7.025.21  |2 MRF 
080 |a 728.81  |2 MRF 
080 |a 728.82  |2 MRF 
080 |a (437.31-191.2)  |2 MRF 
080 |a (031)  |2 MRF 
100 1 |a Durdík, Tomáš,  |d 1951-2012  |7 jn19981000803 
245 1 0 |a Zříceniny hradů, tvrzí a zámků :  |b střední Čechy /  |c [text, pérovky:] Tomáš Durdík ; [fotografie:] Viktor Sušický 
250 |a Vyd. 1. 
260 |a Praha :  |b Pankrác,  |c 2000 
300 |a 204 s. :  |b il. (některé barev.), pl. ;  |c 31 cm 
500 |a Bibliogr. 
500 |a Text též anglicky 
650 0 7 |a zříceniny  |7 ph127767  |z Česko  |2 czenas 
650 0 7 |a hrady  |7 ph120854  |z Česko  |2 czenas 
650 0 7 |a tvrze  |7 ph126812  |z Česko  |2 czenas 
650 0 7 |a zámky  |7 ph127734  |z Česko  |2 czenas 
655 7 |a encyklopedie  |7 fd132201  |2 czenas 
651 7 |a Čechy střední (Česko)  |7 ge131654  |2 czenas 
700 1 |a Sušický, Viktor  |7 jn20010309120 
910 |a BOA001  |b 4-1079.806 
990 |a BK 
996 6 |b 2610125892  |c 4-1079.806  |l MZK  |r Sklad / do 1 hodiny  |n 1  |p p.v.  |w 000542423  |u 000010  |a 1  |e BOA001  |j MZK50  |s P